000 00330nam a22001457a 4500
008 230414b ||||| |||| 00| 0 eng d
020 _a9781418859893
041 _aeng
080 _2SECOND EDITION
_a004
082 _a004SHE
100 _a18
101 _aSHKI
245 _aDISCOVERING THE INTERNET
_cSHELLY
942 _2udc
_cBK
999 _c59538
_d59538